000 00713nam a2200265Ia 4500
005 20260302114113.0
008 008 260114s9999 xx 000 0 eng d
020 _a9781350345317
037 _aTextbook
040 _aCRL
040 _beng
040 _cCRL
041 _2eng
041 _aeng
084 _qCRL
100 _aMichael J. McNeal
_91117769
245 0 _aNietzsche on Women and the Eternal-Feminine A Critique of Truth and Values
260 _bBloomsbury
260 _bBloomsbury Academic
260 _c2023
650 _aPhilosophy
856 _uhttps://doi.org/10.5040/9781350345317?locatt=label:secondary_bloomsburyCollections
942 _cEBOOK
999 _c1681355
_d1681355